Top 10 Largest Islands - Statistics

General Stats
  • This quiz has been taken 74 times
  • The average score is 7 of 10
Answer Stats
Miles Island % Correct
836,330 Greenland
95%
226,756 Madagascar
85%
80,823 Great Britain
77%
288,869 Borneo
76%
87,992 Honshu
68%
171,069 Sumatra
68%
317,150 New Guinea
66%
195,928 Baffin Island
56%
75,767 Ellesmere Island
44%
83,896 Victoria Island
40%
No matching quizzes found
Score Distribution
Percent of People with Each Score
Percentile by Number Answered
Your Score History
You have not taken this quiz